Biblioteca

La reforma de los religiosos intentada por Clemente VIII (Registro nro. 70501)

Detalles MARC
000 -LÍDER
Campo fijo de descripción fija 01238nab a2200229 i 4500
001 - NÚMERO DE CONTROL
Campo de control 768714001
003 - IDENTIFICADOR DEL NÚMERO DE CONTROL
Campo de control CO-MdFUSB
005 - FECHA Y HORA DE LA ULTIMA TRANSACCIÓN
control field 20240717104314.0
008 - ELEMENTOS DE LONGITUD FIJA -- INFORMACIÓN GENERAL
Campo fijo de descripción fija -- Información general 240717t1953 ck ||||| |||| 00| 0 spa d
040 ## - FUENTE DE CATALOGACIÓN
Idioma de catalogación spa
Agencia que realiza la transcripción CO-MdFUSB
Agencia que realiza la modificación CO-MdFUSB
041 ## - CÓDIGO DE IDIOMA
Código de idioma para texto/pista de sonido o título separado spa
100 ## - ASIENTO PRINCIPAL--NOMBRE PERSONAL
Nombre personal Sicard, Ignacio,
Término relacionador autor
245 #3 - TÍTULO
Título La reforma de los religiosos intentada por Clemente VIII
Mención de responsabilidad / Ignacio Sicard, S. J.
520 ## - NOTA DE RESUMEN, ETC.
Nota de sumario, etc. Es reconocido que el Concilio de Trento inició las reformas más importantes que han sido seguidas por sucesivos papas y continúan teniendo un impacto positivo en todo el mundo.<br/>La reforma se centró en gran medida en la reestructuración y mejora de las comunidades religiosas, que fue impulsada por varios papas, entre los que destaca Clemente VIII. Por tanto esta es una investigación exhaustiva tanto del alcance como de las consecuencias de dicha reforma.
650 #7 - ASIENTO SECUNDARIO DE MATERIA - TERMINO TEMÁTICO
Término temático o nombre geográfico como elemento de entrada Reforma
9 (RLIN) 221
650 #7 - ASIENTO SECUNDARIO DE MATERIA - TERMINO TEMÁTICO
Término temático o nombre geográfico como elemento de entrada Hermenéutica
9 (RLIN) 418
650 #0 - ASIENTO SECUNDARIO DE MATERIA - TERMINO TEMÁTICO
Término temático o nombre geográfico como elemento de entrada Historia de la Iglesia
9 (RLIN) 153
653 ## - TÉRMINO DE INDIZACIÓN - NO CONTROLADO
Término no controlado Clemente VIII
773 0# - ASIENTO DE ITEM FUENTE
Biblionumber 70111
Itemnumber 82799
Lugar, editorial y fecha de publicación Bogotá, Colombia :
Otro identificador del ítem R2662
Título Ecclesiastica Xaveriana
Número de control del registro (CO-MdFUSB)768714001
Parte(s) relacionada(s) / Volumen., número. (mes año), páginas Volumen 3 (1953) páginas: 143 - 232
Enumeración y primera página página: 143
942 ## - TIPO DE MATERIAL (KOHA)
Tipo de Item KOHA Artículos de Revista
945 ## - INFORMACIÓN LOCAL DEL REGISTRO
Catalogador Catherine Arias Álvarez - Practicante SENA

No hay ítems disponibles.

Biblioteca FUSBC | Teléfono: (57+4) 349 88 10 Ext. 141| WhatsApp (+57) 3005338115 
E-mail: biblioteca@unisbc.edu.co | Calle 76 87-14 Robledo Palenque, Medellín, Colombia

Con tecnología Koha